Pensamiento español en la era de Franco (1939-1975) / (Record no. 19227)

MARC details
000 -LEADER
campo de control de longitud fija 01249nam a22003255i 4500
001 - NÚMERO DE CONTROL
campo de control 19227
003 - IDENTIFICADOR DE NÚMERO DE CONTROL
campo de control ES-MaACL
005 - FECHA Y HORA DE LA ÚLTIMA TRANSACCIÓN
campo de control 20251013063043.0
007 - CAMPO FIJO DE DESCRIPCIÓN FÍSICA--INFORMACIÓN GENERAL
campo de control de longitud fija t|
008 - DATOS DE LONGITUD FIJA--INFORMACIÓN GENERAL
campo de control de longitud fija 020703s1992 sp ||||0| spa j
017 ## - NÚMERO DE COPYRIGHT O DE DEPÓSITO LEGAL
Número de copyright o de depósito legal M 16162-1992
Agencia que asigna Oficina Depósito Legal Madrid
020 ## - NÚMERO INTERNACIONAL ESTÁNDAR DEL LIBRO
Número Internacional Estándar del Libro 8430909990
040 ## - FUENTE DE CATALOGACIÓN
Centro catalogador/agencia de origen M-BN
Lengua de catalogación spa
Centro/agencia transcriptor M-BN
080 ## - NÚMERO DE LA CLASIFICACIÓN DECIMAL UNIVERSAL
Número de la Clasificación Decimal Universal 008(460)"1939/75"
100 1# - ENTRADA PRINCIPAL--NOMBRE DE PERSONA
Nombre de persona Díaz, Elías
9 (RLIN) 44117
Término indicativo de función/relación Autor
245 10 - MENCIÓN DEL TÍTULO
Título Pensamiento español en la era de Franco (1939-1975) /
Mención de responsabilidad, etc. Elías Díaz.
250 ## - MENCION DE EDICION
Mención de edición Segunda edición
260 ## - PUBLICACIÓN, DISTRIBUCIÓN, ETC.
Lugar de publicación, distribución, etc. Madrid :
Nombre del editor, distribuidor, etc. Tecnos,
Fecha de publicación, distribución, etc. 1992.
300 ## - DESCRIPCIÓN FÍSICA
Extensión 221 páginas ;
Dimensiones 24 cm.
490 1# - MENCIÓN DE SERIE
Mención de serie Semilla y surco. Serie de ciencia política
500 ## - NOTA GENERAL
Nota general Índice.
504 ## - NOTA DE BIBLIOGRAFÍA, ETC.
Nota de bibliografía, etc. Bibliografía: páginas 201-207.
651 #4 - PUNTO DE ACCESO ADICIONAL DE MATERIA--NOMBRE GEOGRÁFICO
Nombre geográfico España-
Subdivisión general Vida intelectual-
Subdivisión cronológica 1939-1975
9 (RLIN) 8528
830 00 - PUNTO DE ACCESO ADICIONAL DE SERIE-TÍTULO UNIFORME
Título uniforme Semilla y surco.
Nombre de parte o sección de la obra Serie de ciencia política
9 (RLIN) 236736
852 ## - LOCALIZACIÓN
Ubicación ES-MaACL
Número de control de estantería L-25661
Sublocalización o colección R.131578
itemnumber 19829
Ubicación en estantería Depósito 2
Anotaciones manuscritas Dedicatoria autógrafa del autor para Lucía Sánchez Piñol (bibliotecaria del Ateneo de Madrid)
Encuadernación Encuadernación rústica
Donativo/Legado Donación: Elías Díaz
903 1# - NOMBRE PERSONAL DE DONANTE
9 44117
a Díaz, Elías
e Donante
942 ## - ELEMENTOS DE ENTRADA SECUNDARIOS (KOHA)
Tipo de ítem Koha Libro impreso
Suprimir en OPAC No
Holdings
Estatus retirado Estado de pérdida Fuente del sistema de clasificación o colocación Estado de daño No para préstamo Colección Biblioteca de origen Biblioteca actual Ubicación en estantería Fecha de adquisición Total de préstamos Signatura topográfica completa Código de barras Visto por última vez Precio de reemplazo Tipo de ítem Koha Nota pública
    Clasificación decimal universal     Libros con dedicatorias Biblioteca del Ateneo de Madrid Biblioteca del Ateneo de Madrid Depósito 2 17/01/2008   L-25661 1019673 23/02/2023 23/02/2023 Libro impreso Dedicatoria autógrafa del autor